Những điều trường Harvard không dạy bạn = What they don't teach at Harvard business school
Nội dung sách giới thiệu những trải nghiệm của tác giả , kèm theo đó là những lời khuyên rất thực tế trong hoàn thiện bản thân(các yếu tố quyết định hành vi của con người ), phát triển kỹ năng đàm phán (kỹ năng nền tảng trong giao tiếp xã...
Saved in:
| Main Author: | |
|---|---|
| Format: | Book |
| Language: | Undetermined |
| Published: |
Hà Nội
Đại học Kinh tế Quốc Dân
2010
|
| Subjects: | |
| Tags: |
Add Tag
No Tags, Be the first to tag this record!
|
| Institutions: | Trung tâm Học liệu Trường Đại học Cần Thơ |
|---|
| LEADER | 01206nam a2200229Ia 4500 | ||
|---|---|---|---|
| 001 | CTU_163438 | ||
| 008 | 210402s9999 xx 000 0 und d | ||
| 020 | |c 59000 | ||
| 082 | |a 650.1 | ||
| 082 | |b M126 | ||
| 100 | |a McCormarck, Mark H. | ||
| 245 | 0 | |a Những điều trường Harvard không dạy bạn = | |
| 245 | 0 | |b What they don't teach at Harvard business school | |
| 245 | 0 | |c Mark H. McCormarck ; Alpha Books (dịch) | |
| 260 | |a Hà Nội | ||
| 260 | |b Đại học Kinh tế Quốc Dân | ||
| 260 | |c 2010 | ||
| 520 | |a Nội dung sách giới thiệu những trải nghiệm của tác giả , kèm theo đó là những lời khuyên rất thực tế trong hoàn thiện bản thân(các yếu tố quyết định hành vi của con người ), phát triển kỹ năng đàm phán (kỹ năng nền tảng trong giao tiếp xã hội), các ứng dụng thiết thực trong quản lý một doanh nghiệp. | ||
| 650 | |a Success in business,Thành công trong kinh doanh | ||
| 650 | |x Management,Quản trị | ||
| 904 | |i HLoan,Qhieu | ||
| 980 | |a Trung tâm Học liệu Trường Đại học Cần Thơ | ||